[Event "Manila PGMA Cup 3rd"]
[Site "Manila"]
[Date "2008.09.09"]
[Round "4"]
[White "Zhang, Ziyang"]
[Black "Gu, Xiaobing"]
[Result "1-0"]
[WhiteElo "2441"]
[BlackElo "2286"]
[PlyCount "105"]
[EventDate "2008.09.07"]
[EventType "swiss"]
[EventRounds "9"]
[EventCountry "PHI"]
[SourceTitle "CBM 126 Extra"]
[Source "ChessBase"]
[SourceDate "2008.11.05"]
[SourceVersion "1"]
[SourceVersionDate "2008.11.05"]
[SourceQuality "1"]

1. d4 Nf6 2. Nf3 g6 3. Bg5 Bg7 4. Nbd2 d5 5. c3 0-0 6. e3 h6 7. Bh4 c6 8. Bd3 Nbd7 9. 0-0 g5 10. Bg3 Nh5 11. Nxg5 Nxg3 12. Bh7+ Kh8 13. fxg3 Bf6 14. h4 e6 15. Bc2 Bxg5 16. hxg5 Qxg5 17. e4 Nf6 18. Rf4 Nh5 19. Nf3 Qxg3 20. Rh4 Nf4 21. Qd2 e5 22. dxe5 Bg4 23. Rxh6+ Kg7 24. Rf6 Bxf3 25. Rxf4 dxe4 26. Bxe4 Bxe4 27. Rxe4 Rh8 28. Rf1 Qh2+ 29. Kf2 Rh5 30. Rg4+ Kh8 31. Qf4 Qxf4+ 32. Rxf4 Kg8 33. Kg3 Rxe5 34. Rxf7 Rg5+ 35. Kh3 Rg7 36. Rxg7+ Kxg7 37. Rd1 Kf6 38. Rd7 Rb8 39. Kh4 a5 40. g4 Ke6 41. Rh7 b5 42. g5 b4 43. Rh6+ Kd5 44. g6 a4 45. g7 Rg8 46. Rg6 a3 47. c4+ Kxc4 48. b3+ Kc3 49. Kh5 c5 50. Kh6 c4 51. bxc4 Kxc4 52. Rg3 Rb8 53. Kh7 1-0

[Event "Manila PGMA Cup 3rd"]
[Site "Manila"]
[Date "2008.09.08"]
[Round "2"]
[White "Zhang, Ziyang"]
[Black "Torre, Eugenio"]
[Result "0-1"]
[WhiteElo "2441"]
[BlackElo "2524"]
[PlyCount "130"]
[EventDate "2008.09.07"]
[EventType "swiss"]
[EventRounds "9"]
[EventCountry "PHI"]
[SourceTitle "CBM 126 Extra"]
[Source "ChessBase"]
[SourceDate "2008.11.05"]
[SourceVersion "1"]
[SourceVersionDate "2008.11.05"]
[SourceQuality "1"]

1. d4 Nf6 2. Nf3 e6 3. c4 Bb4+ 4. Bd2 Qe7 5. g3 Nc6 6. Nc3 Bxc3 7. Bxc3 Ne4 8. Qc2 Nxc3 9. Qxc3 Qb4 10. Qxb4 Nxb4 11. Kd2 b6 12. Bg2 Bb7 13. Kc3 c5 14. a3 Na6 15. b4 cxd4+ 16. Kxd4 Ke7 17. Rhd1 Rhc8 18. Ne1 Bxg2 19. Nxg2 Nb8 20. Ne3 d6 21. Kc3 a5 22. Kb3 Rc7 23. Ra2 Rca7 24. Rda1 Nc6 25. Nc2 Rc7 26. f4 Rac8 27. Rc1 d5 28. cxd5 Nd4+ 29. Nxd4 Rxc1 30. Rd2 axb4 31. axb4 Rb1+ 32. Ka4 Rc4 33. Nc6+ Kd6 34. dxe6+ Kxc6 35. exf7 Rbxb4+ 36. Ka3 Rxf4 37. e3 Ra4+ 38. Kb3 Rxf7 39. Kxa4 Re7 40. Re2 Kc5 41. Kb3 Kd5 42. Kb4 Ke4 43. Kb5 Re6 44. Re1 Rh6 45. Re2 Kf3 46. Rc2 g5 47. e4 Kxe4 48. Rf2 Ke5 49. Ka6 Rf6 50. Re2+ Kf5 51. Rf2+ Kg6 52. Rd2 Kh5 53. Rd7 h6 54. Kb5 Rf2 55. h4 Rg2 56. hxg5 hxg5 57. Kxb6 Rxg3 58. Kc5 g4 59. Rd8 Rg1 60. Rh8+ Kg5 61. Kd4 Re1 62. Kd3 g3 63. Kd2 Re5 64. Rg8+ Kf4 65. Rf8+ Kg4 0-1

[Event "Kuala Lumpur op 5th"]
[Site "Kuala Lumpur"]
[Date "2008.08.23"]
[Round "10"]
[White "Zhang, Ziyang"]
[Black "Li, Ruofan"]
[Result "1-0"]
[WhiteElo "2441"]
[BlackElo "2425"]
[PlyCount "65"]
[EventDate "2008.08.18"]
[EventType "swiss"]
[EventRounds "11"]
[EventCountry "MAS"]
[SourceTitle "CBM 126 Extra"]
[Source "ChessBase"]
[SourceDate "2008.11.05"]
[SourceVersion "1"]
[SourceVersionDate "2008.11.05"]
[SourceQuality "1"]

1. d4 Nf6 2. Nf3 e6 3. c4 b6 4. g3 Bb7 5. Bg2 Bb4+ 6. Bd2 Bxd2+ 7. Qxd2 0-0 8. 0-0 d6 9. Nc3 Ne4 10. Nxe4 Bxe4 11. Qf4 f5 12. Qe3 Qf6 13. c5 Nc6 14. Rfd1 Nb4 15. Qb3 a5 16. Ne1 bxc5 17. dxc5 Rfb8 18. Qc3 Bxg2 19. Nxg2 d5 20. Nf4 Kf7 21. Qf3 a4 22. Nh5 Qe5 23. e4 dxe4 24. Rd7+ Ke8 25. Qd1 Nd5 26. c6 e3 27. f4 Qxb2 28. Nxg7+ Kf8 29. Nxe6+ Kg8 30. Qxd5 Qxa1+ 31. Kg2 Rb2+ 32. Kh3 Rd2 33. Nd4+ 1-0

[Event "Kuala Lumpur op 5th"]
[Site "Kuala Lumpur"]
[Date "2008.08.22"]
[Round "7"]
[White "Lim, Yee Weng"]
[Black "Zhang, Ziyang"]
[Result "1-0"]
[WhiteElo "2367"]
[BlackElo "2441"]
[PlyCount "57"]
[EventDate "2008.08.18"]
[EventType "swiss"]
[EventRounds "11"]
[EventCountry "MAS"]
[SourceTitle "CBM 126 Extra"]
[Source "ChessBase"]
[SourceDate "2008.11.05"]
[SourceVersion "1"]
[SourceVersionDate "2008.11.05"]
[SourceQuality "1"]

1. e4 c5 2. Nf3 d6 3. d4 cxd4 4. Nxd4 Nf6 5. Nc3 g6 6. Be3 Bg7 7. f3 Nc6 8. Qd2 0-0 9. 0-0-0 Nxd4 10. Bxd4 Be6 11. Kb1 Qc7 12. h4 Rfc8 13. h5 Qa5 14. hxg6 hxg6 15. a3 Rab8 16. Bd3 b5 17. Qg5 Qc7 18. e5 dxe5 19. Bxe5 Qc5 20. f4 Rb7 21. Bxg6 fxg6 22. Qxg6 Bf5 23. Qxf5 b4 24. axb4 Rxb4 25. Nd5 Rb7 26. Rh3 Nxd5 27. Qe6+ Kf8 28. Bxg7+ Kxg7 29. Rg3+ 1-0

[Event "Kuala Lumpur op 5th"]
[Site "Kuala Lumpur"]
[Date "2008.08.19"]
[Round "3"]
[White "Li, Chao B"]
[Black "Zhang, Ziyang"]
[Result "1-0"]
[WhiteElo "2590"]
[BlackElo "2441"]
[PlyCount "107"]
[EventDate "2008.08.18"]
[EventType "swiss"]
[EventRounds "11"]
[EventCountry "MAS"]
[SourceTitle "CBM 126 Extra"]
[Source "ChessBase"]
[SourceDate "2008.11.05"]
[SourceVersion "1"]
[SourceVersionDate "2008.11.05"]
[SourceQuality "1"]

1. e4 e5 2. Nf3 d6 3. d4 exd4 4. Nxd4 Nf6 5. Nc3 Be7 6. g3 d5 7. e5 Ng4 8. e6 Nf6 9. exf7+ Kxf7 10. Bg2 c6 11. 0-0 Re8 12. Bg5 h6 13. Bf4 Nbd7 14. Re1 Nf8 15. Qd3 Ng6 16. Bd2 Bd6 17. Rxe8 Qxe8 18. f4 Bd7 19. h3 Qc8 20. Kh2 Qc7 21. Re1 Rh8 22. a4 Qc8 23. a5 Re8 24. Rxe8 Qxe8 25. Nb3 Ne7 26. Qd4 Bb8 27. Qb4 Qc8 28. Nc5 Nf5 29. Qxb7 Qxb7 30. Nxb7 Nd4 31. Be3 Nxc2 32. Bc5 Ne1 33. Bf1 g5 34. Bf2 Nf3+ 35. Kg2 Nd2 36. Bd3 gxf4 37. gxf4 Nde4 38. Be3 Ke7 39. Ne2 Bc8 40. Nc5 Bd6 41. Nxe4 dxe4 42. Bc4 Bb4 43. a6 c5 44. Nc3 Kd7 45. Na2 Kc6 46. Nxb4+ cxb4 47. Bxa7 Nd5 48. Bd4 Nxf4+ 49. Kg3 Nd5 50. a7 Bb7 51. h4 Kd6 52. h5 Ke7 53. Bxd5 Bxd5 54. Be3 1-0

[Event "CHN-chT 4th"]
[Site "China"]
[Date "2008.04.22"]
[Round "4"]
[White "Zhang, Zhong"]
[Black "Zhang, Ziyang"]
[Result "1-0"]
[WhiteElo "2649"]
[BlackElo "2384"]
[PlyCount "117"]
[EventDate "2008.12.??"]
[EventType "team-tourn"]
[EventRounds "18"]
[EventCountry "CHN"]
[SourceTitle "EXT 2017"]
[Source "ChessBase"]
[SourceDate "2016.10.25"]
[SourceVersion "1"]
[SourceVersionDate "2016.10.25"]
[SourceQuality "1"]

1. e4 c5 2. Nf3 d6 3. d4 cxd4 4. Qxd4 Nc6 5. Bb5 Bd7 6. Bxc6 Bxc6 7. c4 Nf6 8. Nc3 g6 9. 0-0 Bg7 10. Qd3 0-0 11. Nd4 Qb6 12. Rd1 Ng4 13. Qd2 Rac8 14. h3 Nf6 15. Qd3 Nd7 16. b3 Nc5 17. Qe3 Ne6 18. Nde2 Qxe3 19. Bxe3 a6 20. Rac1 f5 21. Nd5 Bxd5 22. exd5 Nc5 23. b4 Ne4 24. f3 Nf6 25. Nd4 Rfd8 26. Ne6 Rd7 27. Kf2 Kf7 28. a4 h6 29. Bb6 Bh8 30. Ke2 g5 31. g4 Kg6 32. Kd3 fxg4 33. hxg4 Nh7 34. Rh1 Be5 35. Rh3 Nf6 36. Rch1 Ng8 37. a5 Bf4 38. Rh5 Be5 39. Be3 Rdc7 40. Nxc7 Rxc7 41. c5 e6 42. dxe6 Re7 43. Bd4 Bxd4 44. Kxd4 Rxe6 45. R5h2 Rf6 46. Ke3 Re6+ 47. Kf2 dxc5 48. bxc5 Re5 49. Rc1 Ne7 50. Re1 Rxe1 51. Kxe1 Nc6 52. Rb2 Nxa5 53. Rb6+ Kf7 54. Ke2 Nc6 55. Rxb7+ Ke6 56. Rb6 Kd5 57. Rxa6 Ke5 58. Ke3 Kd5 59. Rxc6 1-0